00772nam a2200229 a 450000100060000000300080000600500170001400800410003103500200007204000270009204100080011908200260012710000330015324501170018626000460030330000250034950400500037465000160042470000380044070000360047870000280051455593BD-RjUL20211209080303.0161120s1952 enk bb 000 0 eng d a(BD-RjUL) 55716 aVGMcVGMdBD-RjULbeng aeng 223a828.809bARN 19521 aArnold, Matthew,d1822-1888.14aThe note-books of Matthew Arnold /cMatthew Arnold edited by Howard Foster Lowry, Karl Young, Waldo Hilary Dunn. aLondon :bOxford University Press,c1952. axv, 656 p. ;c22 cm. aIncludes Bibliographical References and Index 0aQuotations.1 aLowry, Howard Foster,d1901-1967.1 aDunn, Waldo Hilary,d1882-1969.1 aYoung, Karld1879-1943.